| 000 | 01078nam a22002537a 4500 | ||
|---|---|---|---|
| 001 | BD-DhSAU 7469 | ||
| 003 | BD-DhSAU | ||
| 005 | 20230711103802.0 | ||
| 008 | 150422b2006 bg ||||| m||m 00| 0 eng d | ||
| 040 | _aBD-DhSAU | ||
| 082 |
_222 _a634.99 _bSi29 |
||
| 100 |
_aSIKDER, BIBEKANANDA _eRegistration No. # 19-10307 |
||
| 245 |
_aPerformance analysis of floating seedbed using different growth promoting fertilizers / _bMS thesis |
||
| 260 |
_aSher-e- Bangla Agricultural University: _bDepartment of Agroforestry And Environmental Science, _c2021. |
||
| 300 |
_axii, 79p.: _b30 cm. |
||
| 500 | _aMS thesis of Department of Agroforestry And Environmental Science, Faculty of Agriculture , Sher-e-Bangla Agricultural University, Dhaka, Bangladesh | ||
| 590 | _aNamul | ||
| 650 | _afloating seedbed | ||
| 651 | _apromoting fertilizers | ||
| 700 |
_aProf. Dr. Nazmun Naher _eSuperviser |
||
| 700 |
_aProf. Dr. Md. Forhad Hossain _eCo-Superviser |
||
| 856 | _uhttp://archive.saulibrary.edu.bd:8080/xmlui/handle/123456789/4930 | ||
| 942 |
_2ddc _cTHESIS |
||
| 999 |
_c16898 _d16897 |
||